गोपाल किशन को गुस्सा क्यों आता है ? / (Record no. 53519)
[ view plain ]
| 000 -LEADER | |
|---|---|
| fixed length control field | 02318nam a22003017a 4500 |
| 005 - DATE AND TIME OF LATEST TRANSACTION | |
| control field | 20110701143244.0 |
| 010 ## - LCCN (DPL NO) | |
| LC control number | B-436238-242 |
| 020 ## - INTERNATIONAL STANDARD BOOK NUMBER | |
| International Standard Book Number | 9788182639867 |
| Terms of availability | 25.00 |
| 035 ## - SYSTEM CONTROL NUMBER | |
| System control number | B-436238-242 |
| 037 ## - SOURCE OF ACQUISITION | |
| Source of stock number/acquisition | ब्ल्यूबेरी बुक्स |
| 082 ## - DEWEY DECIMAL CLASSIFICATION NUMBER | |
| Classification number | क |
| 100 ## - MAIN ENTRY--PERSONAL NAME | |
| Personal name | राधाकृष्ण, जे.एम. |
| 245 ## - TITLE STATEMENT | |
| Title | गोपाल किशन को गुस्सा क्यों आता है ? / |
| Statement of responsibility, etc | जे.एम. राधाकृष्ण; हेनु द्वारा चित्रांकित; मधुशाला जोशी द्वारा हिंदी में अनुदित |
| 246 ## - VARYING FORM OF TITLE | |
| Title proper/short title | Gopal Kishan ko gussa kyon aata hai ? |
| Remainder of title | by J. M. Radhakrishna |
| 260 ## - PUBLICATION, DISTRIBUTION, ETC. (IMPRINT) | |
| Place of publication, distribution, etc | नई दिल्ली |
| Name of publisher, distributor, etc | प्रथम बुक्स |
| Date of publication, distribution, etc | 2007 |
| 270 ## - ADDRESS | |
| City | नई दिल्ली |
| Telephone number | 011-65684113 |
| Electronic mail address | www.prathambooks.org |
| 300 ## - PHYSICAL DESCRIPTION | |
| Extent | 24पृ.; |
| Dimensions | 27सेमी (अजिल्द) |
| Other physical details | सचित्र |
| 700 ## - ADDED ENTRY--PERSONAL NAME | |
| Personal name | हेनु |
| 9 (RLIN) | 15991 |
| 700 ## - ADDED ENTRY--PERSONAL NAME | |
| Personal name | जोशी, मधुशाला |
| 9 (RLIN) | 29071 |
| 700 ## - ADDED ENTRY--PERSONAL NAME | |
| 9 (RLIN) | 29066 |
| 942 ## - ADDED ENTRY ELEMENTS (KOHA) | |
| Source of classification or shelving scheme | Dewey Decimal Classification |
| Item type | Children Books |
| Call number suffix | राधाकृ |
| Classification part | क |
| Withdrawn status | Lost status | Not for loan | Collection code | Home library | Current library | Date acquired | Source of acquisition | Cost, normal purchase price | Full call number | Barcode | Copy number | Cost, replacement price | Koha item type |
|---|---|---|---|---|---|---|---|---|---|---|---|---|---|
| Fiction | Central Library | Central Library | 08/08/2011 | बल्यूबेरी/6364/25.3.2011/83/21.3.11/31.3.11 | 25.00 | क राधाकृ | B-436238 | 1 | 25.00 | Children Books | |||
| Written-off vide DLB M. No. 383 dt 16.05.19 | Fiction | Karol Bagh | Karol Bagh | 08/08/2011 | बल्यूबेरी/6364/25.3.2011/83/21.3.11/31.3.11 | 25.00 | क राधाकृ | B-436241 | 1 | 25.00 | Children Books | ||
| Written-off vide DLB M. No. 383 dt 16.05.19 | Fiction | Patel Nagar | Patel Nagar | 08/08/2011 | बल्यूबेरी/6364/25.3.2011/83/21.3.11/31.3.11 | 25.00 | क राधाकृ | B-436239 | 1 | 25.00 | Children Books | ||
| Withdrawn | Fiction | Sarojini Nagar | Sarojini Nagar | 08/08/2011 | बल्यूबेरी/6364/25.3.2011/83/21.3.11/31.3.11 | 25.00 | क राधाकृ | B-436240 | 1 | 25.00 | Children Books | ||
| Written-off vide DLB M. No. 383 dt 16.05.19 | Fiction | Shahdara Branch | Shahdara Branch | 08/08/2011 | बल्यूबेरी/6364/25.3.2011/83/21.3.11/31.3.11 | 25.00 | क राधाकृ | B-436242 | 1 | 25.00 | Children Books |
